Normal view
MARC view
- BLYTH, F.G.H
Entry Personal Name
001 - CONTROL NUMBER
- control field: 85972
003 - CONTROL NUMBER IDENTIFIER
- control field: NUST
005 - DATE AND TIME OF LATEST TRANSACTION
- control field: 20211207152121.0
008 - FIXED-LENGTH DATA ELEMENTS
- fixed length control field: 211207|| aca||aabn | a|a d
040 ## - CATALOGING SOURCE
- Original cataloging agency: NUST
- Transcribing agency: NUST
100 ## - HEADING--PERSONAL NAME
- Personal name: BLYTH, F.G.H
670 ## - SOURCE DATA FOUND
- Source citation: Work cat.: (NUST): BLYTH, F.G.H., GEOLOGY FOR ENGINEERING /, 1984.
